[Event "Muenster op"]
[Site "Muenster"]
[Date "1993.??.??"]
[Round "6"]
[White "Arakhamia Grant, Ketevan"]
[Black "Libeau, Rene"]
[Result "1-0"]
[WhiteElo "2440"]
[BlackElo "2425"]
[Annotator "ChessBase"]
[PlyCount "67"]
[EventDate "1993.10.??"]
[EventType "swiss"]
[EventRounds "9"]
[EventCountry "GER"]
[SourceTitle "EXT 1999"]
[Source "ChessBase"]
[SourceDate "1998.11.16"]
[SourceVersion "1"]
[SourceVersionDate "1998.11.16"]
[SourceQuality "1"]

{Arakhamia,K.} 1. e4 e6 2. d4 d5 3. Nc3 Bb4 4. e5 c5 5. a3 Bxc3+ 6. bxc3 Ne7 7.
Qg4 O-O 8. Bd3 Nbc6 9. Qh5 Ng6 10. Nf3 Qc7 11. Be3 c4 12. Bxg6 fxg6 13. Qg4 Qf7
14. Ng5 Qe8 {Polgar,J.-Uhlmann,W. 1992} 15. f4 Ne7 16. O-O h6 17. Nf3 Qa4 $6 (
17... Bd7 {/\...Sf5, ...La4}) 18. Ra2 a5 19. Rb1 Ra6 20. Bd2 $6 Qc6 $6 21. a4
$1 Rb6 22. Rba1 Qe8 23. Bc1 Rf5 (23... Rf7 24. Ba3 Bd7 25. Nh4 Kh7 26. Bc5 Rc6
27. Rb1 $16) 24. Ba3 g5 25. fxg5 Ng6 26. gxh6 gxh6 27. Bc1 $1 Kh7 28. Be3 Rc6
29. Rf1 Rc7 30. Qh3 Qf8 31. Raa1 Nf4 32. Bxf4 Rxf4 33. Ng5+ Kg6 34. Nxe6 1-0

[Event "Horgen"]
[Site "Horgen"]
[Date "1995.10.21"]
[Round "1"]
[White "Timman, Jan H"]
[Black "Vaganian, Rafael A"]
[Result "0-1"]
[WhiteElo "2595"]
[BlackElo "2645"]
[Annotator "ChessBase"]
[PlyCount "88"]
[EventDate "1995.10.??"]
[EventType "tourn"]
[EventRounds "11"]
[EventCountry "SUI"]
[EventCategory "17"]
[SourceTitle "CBM 050"]
[Source "ChessBase"]
[SourceDate "1996.02.01"]
[SourceVersion "1"]
[SourceVersionDate "1996.02.01"]
[SourceQuality "1"]

1. e4 e6 2. d4 d5 3. Nc3 Bb4 4. e5 c5 5. a3 Ba5 6. Qg4 (6. dxc5 $5 d4 7. b4
dxc3 8. Qg4 g6 (8... Ne7 9. bxa5 O-O 10. Nf3 Nd7 11. Bd3 f5 12. exf6 Nxf6 13.
Qh4 Nf5 14. Qc4 Nd5 15. O-O Qxa5 16. Rb1 Qc7 17. Be4 Nfe7 18. Bg5 Rb8 19. Bxe7
Qxe7 20. Bxd5 exd5 21. Qxc3 Bf5 22. Nd4 Rbc8 23. Rfe1 {Nisipeanu,L-Casangiu,P/
ROM-chJW Singeorz ;TD 93\02 1993/1-0 (41)}) 9. bxa5 Qxa5 10. Nf3 Nc6 11. Bd3
Qxc5 12. Bf4 Nge7 13. O-O b6 14. Ng5 Nf5 15. Ne4 Qa5 16. Nf6+ Kd8 17. Bxf5 exf5
18. Qf3 Kc7 19. e6+ Kb7 20. exf7 Rf8 21. Ne8 Bd7 22. Nd6+ {1-0 Winge,
S-Solbrand,S/Rilton Cup (04) ;EXT 90op 1990}) 6... Ne7 7. b4 (7. dxc5 $5 Bxc3+
8. bxc3 Qa5 9. Bd2 Ng6 10. h4 (10. Nf3 Nd7 11. c4 Qa4 12. h4 Qxc2 13. cxd5 Qb2
14. Rc1 Ngxe5 15. Nxe5 Qxe5+ 16. Be2 h5 17. Qg5 exd5 18. Rh3 O-O 19. Rd3 d4 20.
Bf4 Qxg5 21. hxg5 b6 22. cxb6 axb6 23. Rxd4 Nc5 24. Rc3 Re8 25. Be3 g6 26. Bb5
Rf8 27. f3 Ba6 28. Rb4 Rfd8 29. Kf2 Bxb5 30. Rxb5 Rd5 31. Bxc5 {1/2-1/2 Short,
N-Vaganian,R/Rotterdam WCup ;CBM 13 1989}) 10... h5 11. Qg5 Nd7 12. c4 Qa4 13.
cxd5 (13. Nf3 dxc4 14. Qe3 O-O 15. Rc1 b6 16. cxb6 Nxb6 17. Qg5 c3 18. Be3 Nd5
19. Qxh5 Ngf4 20. Qg5 Qe4 21. Bd3 Nxd3+ 22. cxd3 Qxd3 23. Rd1 Qe4 24. O-O Ba6
25. Rd4 Qh7 26. Rc1 Rfc8 27. h5 Be2 {Lau,R-Vaganian,R/BL 9293 (1993) ;BL 90
1993/0-1 (42)}) 13... Qe4+ (13... Ndxe5 14. Be2 Qe4 15. O-O-O O-O 16. Bc3 f6
17. Qd2 Qxg2 18. Nh3 exd5 19. Bxh5 Nc4 20. Qd4 Nge5 21. Nf4 Qe4 22. Qxd5+ Qxd5
23. Nxd5 Kh7 24. Rhg1 Bf5 25. Ne7 Be4 26. Rd4 Bf3 27. Bg6+ Kh8 28. h5 Rad8 29.
Rh4 {1-0 Short,N-Timman,J/Amsterdam Euwe-mem (01) ;CBM 23 1991}) 14. Ne2 Qxd5
15. f4 Nxc5 16. Nc3 Qd4 17. Rb1 Ne4 18. Nxe4 Qxe4+ 19. Kd1 O-O 20. Bd3 Qd5 21.
Rb5 Qd4 22. Ke2 b6 23. Rb4 Qd5 24. Be3 Bb7 25. Kf2 Rac8 26. Rd4 Qa2 27. Rc1
Qxa3 28. g4 Rc5 29. gxh5 Nxe5 30. fxe5 f6 31. Qg6 fxe5+ 32. Kg1 exd4 33. h6 Rc7
34. Bg5 Rf5 35. Qxe6+ Rcf7 36. h7+ Kh8 37. Re1 Qf8 38. Be7 {1-0 Short,
N-Lputian,S/Manila izt (09) ;CBM 19 1990}) 7... cxb4 8. Nb5 b3+ $1 (8... bxa3+
9. Kd1 O-O 10. Bd3 f5 11. exf6 Rxf6 12. Bg5 e5 13. Bxh7+ Kxh7 14. Qh5+ Rh6 15.
Bxh6 gxh6 16. Qf7+ Kh8 17. Rxa3 Nbc6 18. Qf6+ Kh7 19. Rg3 Nf5 20. Qg6+ Kh8 21.
Nd6 Be6 22. Nxf5 {1-0 Yudasin,L-Brynell,S/Leningrad ;CBM 14 1989}) 9. c3 Nf5 (
9... Bc7 10. Qxg7 Rg8 11. Qxh7 a6 12. Nxc7+ Qxc7 13. Qd3 Bd7 14. Rb1 Bb5 15.
Qf3 Bc4 16. Nh3 Nf5 17. Ng5 Bxf1 18. Kxf1 Nc6 19. h4 Rc8 20. g4 Ncxd4 21. cxd4
Qc2 22. gxf5 Qxb1 23. fxe6 Qxc1+ 24. Kg2 Rxg5+ 25. hxg5 Qxg5+ 26. Kh2 fxe6 27.
Qxb3 Rc7 28. Qg3 Rh7+ 29. Kg2 Qxg3+ 30. fxg3 Rxh1 31. Kxh1 Kf7 32. a4 b5 33.
axb5 axb5 34. Kg2 {0-1 Sedlak,I-Berecz,A/Szeged op (09) ;EXT 93op 1993}) 10.
Bd2 O-O 11. Qh3 a6 12. g4 Qh4 $1 $17 13. Qxh4 Nxh4 14. Nd6 b5 15. Rb1 Nd7 16.
Rxb3 Nb6 17. Bf4 f6 18. Bg3 Ng6 19. f4 fxe5 20. fxe5 Ra7 21. Ne2 Nc4 22. Bh3
Bd7 23. Rf1 Raa8 24. Nxc4 dxc4 25. Rb1 Bc6 26. Kd2 Bf3 27. Ng1 Be4 28. Rbe1
Rxf1 29. Bxf1 Bc6 30. Bh3 Rf8 31. g5 Bd5 32. Bg4 Bd8 33. h4 Nxh4 $1 $19 34.
Bxh4 Rf4 35. Bxe6+ Bxe6 36. Bg3 Rg4 37. Ne2 Bxg5+ 38. Kd1 h5 39. Rf1 h4 40. Bf4
Be7 41. Be3 g5 42. Ke1 Bd5 43. Rg1 Rxg1+ 44. Nxg1 Kf7 0-1

[Event "Oslo Schakselskaps Jubilee"]
[Site "Oslo"]
[Date "1984.04.17"]
[Round "5"]
[White "Hort, Vlastimil"]
[Black "Agdestein, Simen"]
[Result "0-1"]
[WhiteElo "2615"]
[BlackElo "2435"]
[Annotator "ChessBase"]
[PlyCount "94"]
[EventDate "1984.04.12"]
[EventType "tourn"]
[EventRounds "9"]
[EventCountry "NOR"]
[EventCategory "13"]
[SourceTitle "MCL"]
[Source "ChessBase"]
[SourceDate "1999.07.01"]
[SourceVersion "1"]
[SourceVersionDate "1999.07.01"]
[SourceQuality "1"]

1. e4 e6 2. d4 d5 3. Nc3 Bb4 4. e5 c5 5. a3 Bxc3+ 6. bxc3 Ne7 7. Qg4 Qc7 8.
Qxg7 Rg8 9. Qxh7 cxd4 10. Ne2 Nbc6 11. f4 Bd7 12. Qd3 dxc3 13. Nxc3 a6 14. Rb1
Rc8 15. Bd2 Na5 16. h4 (16. Qd4 $2) (16. Qf3 $2) (16. Qh3 $6) 16... Nc4 17. Rh3
$5 Nxa3 18. Rb3 Nc4 19. h5 b5 20. h6 Qc5 21. Ne2 a5 22. Ng3 Rh8 23. h7 b4 24.
Nh5 Ba4 25. Nf6+ Kd8 26. Ne4 Qc6 (26... Qb6 $17 {Suetin}) 27. Ng5 Ke8 28. Be2
Nxd2 29. Qxd2 Bxb3 30. cxb3 Ng6 31. Bh5 Qc5 32. Rf3 Qg1+ 33. Rf1 Qh2 34. Bxg6
Qg3+ 35. Rf2 fxg6 36. Kf1 Qxb3 37. Kg1 Qb1+ 38. Kh2 Rc7 39. Qe2 Rhxh7+ 40. Nxh7
Rxh7+ 41. Kg3 Qb3+ 42. Rf3 Qc4 43. Qe3 Rb7 44. Qe1 a4 45. Qh1 b3 46. Kg4 b2 47.
Rh3 b1=Q 0-1

[Event "Oslo Schakselskaps Jubilee"]
[Site "Oslo"]
[Date "1984.04.13"]
[Round "2"]
[White "Karpov, Anatoly"]
[Black "Agdestein, Simen"]
[Result "1-0"]
[WhiteElo "2700"]
[BlackElo "2435"]
[Annotator "ChessBase"]
[PlyCount "75"]
[EventDate "1984.04.12"]
[EventType "tourn"]
[EventRounds "9"]
[EventCountry "NOR"]
[EventCategory "13"]
[SourceTitle "MCL"]
[Source "ChessBase"]
[SourceDate "1999.07.01"]
[SourceVersion "1"]
[SourceVersionDate "1999.07.01"]
[SourceQuality "1"]

1. e4 e6 2. d4 d5 3. Nc3 Bb4 4. e5 c5 5. a3 Bxc3+ 6. bxc3 Ne7 7. Qg4 Qc7 8.
Qxg7 Rg8 9. Qxh7 cxd4 10. Ne2 Nbc6 11. f4 Bd7 12. Qd3 dxc3 13. Qxc3 Nf5 14. Rb1
Rc8 15. Bd2 d4 $5 16. Qd3 Nce7 17. Nxd4 Nxd4 18. Qxd4 {[#]} Nf5 $5 (18... Bc6
19. Qxa7 $1 (19. Bb4 Bxg2 20. Rg1 Bxf1 (20... Qxc2 21. Rd1 Qe4+ 22. Qxe4 Bxe4
23. Rxg8+ Nxg8 24. Bb5+ Bc6 25. Bd3 $16) 21. Rxg8+ Nxg8 22. Kxf1 Qxc2 (22...
Nh6 $5 23. Qd6 Qxd6 24. Bxd6 b6 $1) 23. Rd1 Qc6 24. Kg1 $16 Nh6 25. Qxa7 Nf5
26. Qf2 f6 27. Qe2 Qb6+ $10) 19... Bxg2 $10 {Makarichev} 20. Rg1 Bxf1 21. Rxg8+
Nxg8 22. Kxf1 Qxc2 23. Qxb7 Ne7) 19. Qxa7 $1 $16 Qxc2 20. Qxb7 Rc7 {[#]} 21.
Qb8+ $1 (21. Qb4 $2 Nd4 22. Kf2 Rb7 $1) (21. Qa8+ Rc8 22. Rb8 $2 Ke7 $1 23.
Bb4+ Rc5 $1 24. Bxc5+ Qxc5 25. Rxg8 Qc1+ 26. Ke2 Bb5+ $1 $19 {Makarichev})
21... Rc8 22. Qb4 Nd4 $1 23. Kf2 Rg4 (23... Qe4 24. Re1 Qd5 25. Rc1 $18) 24.
Qxd4 $16 (24. Rc1 $18 Rxf4+ 25. Kg3 Ne2+ 26. Bxe2 Rxb4 27. Rxc2 Rb3+ 28. Rc3
Rbxc3+ 29. Bxc3 Rxc3+ 30. Bf3 Bc6 31. h4 $18) 24... Qxb1 25. Rg1 $1 Qa2 26. Be2
Rc2 27. Rd1 $1 (27. Ra1 $2 Rxf4+ $1) 27... Rg8 28. g3 (28. Qd3) 28... Bc6 (
28... Qd5 29. Qb4 $16) 29. Qd3 $18 Bd5 30. Qb5+ Kf8 31. f5 exf5 (31... Kg7 32.
f6+) 32. Qxd5 Qxd5 33. Bh6+ Ke7 34. Rxd5 Ke6 35. Rd6+ Kxe5 36. Bf4+ Ke4 37. Rd7
Ra8 38. Re7+ 1-0

[Event "Vejstrup"]
[Site "Vejstrup"]
[Date "1989.??.??"]
[Round "?"]
[White "Polgar, Judit"]
[Black "Hansen, Lars Bo"]
[Result "1-0"]
[WhiteElo "2555"]
[BlackElo "2525"]
[Annotator "ChessBase"]
[PlyCount "65"]
[EventDate "1989.09.??"]
[EventType "tourn"]
[EventRounds "9"]
[EventCountry "DEN"]
[EventCategory "10"]
[SourceTitle "CBM 015"]
[Source "ChessBase"]
[SourceDate "1990.04.01"]
[SourceVersion "1"]
[SourceVersionDate "1990.04.01"]
[SourceQuality "1"]

1. e4 {Notes by Judit Polgar} e6 2. d4 d5 3. Nc3 Bb4 4. e5 Ne7 5. a3 Bxc3+ 6.
bxc3 b6 {One of L.B.Hansen's pet lines} 7. Qg4 (7. Nh3 Ng6 8. a4 Ba6 {8...c5!?}
9. Bxa6 Nxa6 10. O-O Nb8 11. f4 Qd7 12. f5 $16 {Nunn,J-Hansen,LB/Lugano/1989/ 
-> TD 1989/1}) 7... Kf8 {7...Ng6 is more usual} 8. Nf3 (8. h4 Ba6 9. Bxa6 Nxa6
10. h5 h6 11. Ne2 c5 12. Rh3 Rc8 13. a4 cxd4 14. Ba3 dxc3 15. Rf3 $13 {
Lgumina-Hansen,LB/Lugano/1989/ -> TD 1989/1}) 8... Ba6 9. Bd3 c5 10. dxc5 Bxd3
11. cxd3 bxc5 12. O-O Nd7 13. a4 Nc6 14. Ba3 h6 {14...Kg8!? /\ h6} 15. c4 $1
Ncxe5 $8 16. Nxe5 Nxe5 17. Qg3 (17. Qd4 Nd7 18. cxd5 Kg8 19. Bxc5 Nxc5 20. Qxc5
Qxd5 $10) 17... Nc6 (17... Ng6 18. Bxc5+ Kg8 19. Rab1 Qd7 20. Qd6 {+/=/+/-})
18. Bxc5+ Kg8 19. Rab1 Kh7 $1 (19... Qd7 20. Qd6 $1) 20. Rb7 Qf6 21. cxd5 (21.
Bd6 Nd4) 21... exd5 22. Qg4 $5 {against 22...Rab8 23.Rc7 Rhc8} Rhd8 23. h3 Kg8
24. d4 $6 (24. Rfb1 Re8 $14) 24... Re8 $1 {>< e4} 25. Qh5 Rad8 (25... Nxd4 26.
Bxd4 Qxd4 27. Qxf7+ Kh8 $10) 26. Rd1 Re4 27. Rd3 $5 {Start of an interesting
plan} Re1+ 28. Kh2 Qxf2 29. Rf3 Qg1+ 30. Kg3 g6 $8 31. Qxh6 Re2 32. Kh4 $1 (32.
Rbxf7 Rxg2+ 33. Kh4 Qe1+ 34. Rf2 Qe4+ 35. R7f4 g5+ 36. Qxg5+ Rxg5 37. Rxe4 dxe4
38. Kxg5 Nxd4 $10) 32... Qxg2 $4 {Black overlooks a pretty combination in a
heavy timetrouble} (32... Re4+ 33. g4 (33. Kg3 Re2 34. Kh4 Re4+ 35. Kg3 $10
Qe1+ 36. Kh2) 33... Qe1+ 34. Rg3 Rde8 $13) 33. Qg7+ $3 {Judit Polgar} (33. Qg7+
Kxg7 34. Rfxf7+ Kh8 35. Rh7+ Kg8 36. Rbg7#) 1-0

[Event "Montreal International"]
[Site "Montreal"]
[Date "1979.04.14"]
[Round "4"]
[White "Ljubojevic, Ljubomir"]
[Black "Kavalek, Lubomir"]
[Result "1-0"]
[WhiteElo "2590"]
[BlackElo "2590"]
[Annotator "ChessBase"]
[PlyCount "117"]
[EventDate "1979.04.11"]
[EventType "tourn"]
[EventRounds "18"]
[EventCountry "CAN"]
[EventCategory "15"]
[SourceTitle "MCL"]
[Source "ChessBase"]
[SourceDate "1999.07.01"]
[SourceVersion "1"]
[SourceVersionDate "1999.07.01"]
[SourceQuality "1"]

1. e4 e6 2. d4 d5 3. Nc3 Bb4 4. e5 c5 5. a3 Bxc3+ 6. bxc3 Qa5 7. Bd2 Qa4 8. Qb1
$1 (8. Qg4 g6 (8... Kf8 9. Qd1 b6 10. h4 Ne7 11. h5 h6 12. Rh4 Ba6 13. Bxa6
Nxa6 14. Rf4 Qd7 15. Qf3 Nc6 16. Nh3 {/\g2-g4-g5 Fischer,R-Hook/Siegen ol/1970/
}) (8... Ne7 9. Qxg7 Rg8 10. Qxh7 cxd4 {Untested}) 9. Qd1 (9. Rc1 Nc6 10. Nf3
h6 11. Bd3 c4 12. Be2 Bd7 13. Qf4 Rh7 14. h4 O-O-O $13 {Parma,B-Portisch,L/
Bled/1961/})) 8... a6 $6 (8... c4 $5 9. Nf3 (9. g3 Ne7 10. Bg2 Nbc6 11. f4 Bd7
12. Nf3 O-O-O 13. O-O f6 14. Ra2 Ng6 $13 {Chandler,M-Kosten,A/London/1988/})
9... Nc6 10. g3 Nge7 11. h4 (11. Bg2 Bd7 12. O-O O-O-O 13. Re1 h6 14. Qc1 g5
15. h4 $1 g4 16. Nh2 $14 {Vasiukov,E-Mazukevich/URS/1956/}) 11... Bd7 12. h5 h6
13. Bh3 O-O-O 14. O-O Rdf8 15. Re1 g6 16. Qc1 Ng8 17. Qd1 Nce7 18. Rb1 Kb8 19.
Rb4 Qc6 20. Qe2 Re8 21. Nh2 Nf5 22. Reb1 $16 {Watson,W-Kosten,A/London/1990/})
9. Nf3 Ne7 10. Qb3 Qxb3 11. cxb3 $14 Nbc6 12. Bd3 (12. Rb1 $1 $16 {/\ Bd3 () ^^
}) 12... Na5 13. Bc2 c4 14. b4 Nac6 15. O-O $14 (15. Ke2 $5) 15... f5 16. h4
Bd7 17. a4 Nd8 18. g3 Nf7 19. Kg2 h6 $6 (19... O-O-O $5) (19... b6 $5 {
/\Ke8-d8-c7}) 20. h5 $16 Kd8 21. Rh1 Kc7 22. Rag1 {/\g3-g4} Rag8 23. Kf1 g5 24.
hxg6 Rxg6 25. Nh4 $16 Rg7 26. f3 (26. Ng2 {/\Ng2-f4-h5-f6}) 26... Ng5 27. Kf2
Rf8 28. Ng2 Ng8 29. Rh4 Be8 30. Rgh1 b5 31. a5 $6 Kd7 32. Rf4 Rgf7 33. Ne3 Kc6
34. Ke2 Bd7 35. Ng2 Be8 36. g4 {Thematic} fxg4 37. fxg4 Kd7 38. Kf2 Ke7 39. Kg3
Rg7 40. Rxf8 Kxf8 41. Nf4 Bf7 42. Rf1 Ke7 (42... Ke8 $5 {><e7:Ne7}) 43. Kh4 Ke8
44. Nh5 Bxh5 45. Kxh5 Ne4 46. Bxe4 dxe4 47. Rf4 Rf7 48. Kg6 Ne7+ 49. Kxh6 Rxf4
(49... Ng8+ $5 50. Kg5 Rg7+ 51. Kh4 Ne7 52. Rxe4 Nd5 $16 {Now it's more
difficult to advance the g-pawn.}) 50. Bxf4 Nd5 51. Bc1 e3 (51... Nxc3 52. g5)
52. Kg7 Ke7 53. g5 e2 54. Bd2 Ne3 55. g6 Nf5+ 56. Kg8 Ke8 57. g7 Ne7+ 58. Kh7
Kf7 59. Be1 (59. Be1 Ng8 60. d5) 1-0

[Event "Lone Pine op Louis D. Statham Masters"]
[Site "Lone Pine"]
[Date "1979.03.27"]
[Round "3"]
[White "Grefe, John Alan"]
[Black "Hort, Vlastimil"]
[Result "1/2-1/2"]
[WhiteElo "2400"]
[BlackElo "2600"]
[Annotator "ChessBase"]
[PlyCount "65"]
[EventDate "1979.03.25"]
[EventType "swiss"]
[EventRounds "9"]
[EventCountry "USA"]
[SourceTitle "MCL"]
[Source "ChessBase"]
[SourceDate "1999.07.01"]
[SourceVersion "1"]
[SourceVersionDate "1999.07.01"]
[SourceQuality "1"]

1. e4 e6 2. d4 d5 3. Nc3 Bb4 4. e5 c5 5. a3 Ba5 6. b4 cxd4 7. Qg4 Ne7 8. bxa5
dxc3 9. Qxg7 Rg8 10. Qxh7 Nbc6 11. f4 Qxa5 12. Rb1 Qc7 (12... Nd4 $1 13. Qd3 (
13. Nh3 Bd7 14. Ng5 O-O-O 15. Nxf7 Nef5 $1 $17) 13... Nef5 14. Nf3 Nxf3+ 15.
Qxf3 Bd7 16. Rxb7) 13. Nf3 Bd7 14. Qd3 d4 15. g3 $1 O-O-O 16. Bg2 Nf5 17. O-O
Nce7 (17... Na5 $1 $13 {Hort}) 18. Ng5 $16 {Matanovic} (18. Nxd4 $2 Bc6 $1)
18... Bc6 19. Bxc6 Nxc6 20. g4 Nfe7 21. h3 Nd5 22. f5 Nxe5 23. Qxd4 exf5 24.
Rxf5 Rge8 25. Qxa7 f6 26. Ne4 Nf3+ 27. Rxf3 Rxe4 28. Rd3 Re1+ 29. Kg2 Qc6 30.
Kf2 Re4 31. Qa8+ Kc7 32. Qa5+ b6 33. Qa7+ 1/2-1/2

[Event "URS-ch55"]
[Site "Moscow"]
[Date "1988.07.??"]
[Round "5"]
[White "Sokolov, Andrei"]
[Black "Eingorn, Vereslav S"]
[Result "1/2-1/2"]
[WhiteElo "2600"]
[BlackElo "2560"]
[Annotator "ChessBase"]
[PlyCount "37"]
[EventDate "1988.07.??"]
[EventType "tourn"]
[EventRounds "17"]
[EventCountry "URS"]
[EventCategory "14"]
[SourceTitle "URS-ch"]
[Source "ChessBase"]
[SourceDate "1999.07.01"]
[SourceVersion "1"]
[SourceVersionDate "1999.07.01"]
[SourceQuality "1"]

1. e4 e6 2. d4 d5 3. Nc3 Bb4 4. e5 Ne7 5. a3 Bxc3+ 6. bxc3 c5 7. Qg4 Kf8 8. Nf3
(8. h4 $6) (8. Qd1 $5) (8. Bd3 Qa5 9. Bd2 Qa4 10. Qh5 {Polgar-Drasko Berlin
open 1989}) (8. a4 $5 Qc7 9. Nf3 cxd4 10. Qxd4 Nbc6 11. Qe3 Nf5 12. Qf4 g5 $2 (
12... Nce7) 13. Qxg5 Nxe5 14. Qf6 Nxf3+ 15. gxf3 Rg8 16. Ba3+ Ke8 17. O-O-O $16
{Oll-Eingorn Debrecen 1989}) 8... Qa5 9. Bd2 Qa4 10. Ra2 b6 11. Qf4 h6 12. h4 (
12. dxc5 Qxf4 13. Bxf4 bxc5 {Ernst-Eingorn Tallinn 1989}) 12... Nd7 13. h5 $6 (
13. Bd3 Ba6 14. O-O $14) 13... Ba6 $10 {(Short)} 14. Bxa6 Qxa6 $10 15. Rh3 Qb5
16. Ra1 Qa4 17. Ra2 Qb5 18. Ra1 Qa4 19. Ra2 1/2-1/2

[Event "Bundesliga 9798"]
[Site "Germany"]
[Date "1997.10.18"]
[Round "1.8"]
[White "Sievers, Stefan"]
[Black "Kummerow, Heiko"]
[Result "0-1"]
[WhiteElo "2365"]
[BlackElo "2300"]
[Annotator "ChessBase"]
[PlyCount "48"]
[EventDate "1997.10.18"]
[EventType "team-tourn"]
[EventRounds "15"]
[EventCountry "GER"]
[SourceTitle "CBM 062"]
[Source "ChessBase"]
[SourceDate "1998.01.31"]
[SourceVersion "1"]
[SourceVersionDate "1998.01.31"]
[SourceQuality "1"]
[WhiteTeam "Hamburger SK"]
[BlackTeam "St Ingbert"]
[WhiteTeamCountry "GER"]
[BlackTeamCountry "GER"]

1. e4 e6 2. d4 d5 3. Nc3 Bb4 4. e5 c5 5. a3 Bxc3+ 6. bxc3 Ne7 7. Qg4 Qc7 8.
Qxg7 Rg8 9. Qxh7 cxd4 10. Ne2 Nbc6 11. f4 Bd7 12. Qd3 dxc3 13. Be3 Nf5 14. Bf2
d4 15. h3 $4 (15. g3) 15... Qa5 $17 16. Nxd4 $2 Ncxd4 17. Bxd4 Rg3 18. Qd1
O-O-O (18... Qa4 $5 19. Bf2 Qxf4 $17) 19. Bf2 {[#]} Ba4 (19... Bc6 20. Bd3 (20.
Qb1 Rd2 $19) 20... Rxg2 $19) 20. Qe2 Rd2 21. Qc4+ Kb8 22. Qb4 Qd8 23. Qxa4 Re3+
24. Bxe3 Qh4+ 0-1

[Event "Altensteig"]
[Site "Altensteig"]
[Date "1989.??.??"]
[Round "?"]
[White "Kindermann, Stefan"]
[Black "Mohr, Stefan"]
[Result "1-0"]
[WhiteElo "2530"]
[BlackElo "2485"]
[Annotator "ChessBase"]
[PlyCount "73"]
[EventDate "1989.07.??"]
[EventType "tourn"]
[EventRounds "11"]
[EventCountry "GER"]
[EventCategory "10"]
[SourceTitle "CBM 014"]
[Source "ChessBase"]
[SourceDate "1990.02.01"]
[SourceVersion "1"]
[SourceVersionDate "1990.02.01"]
[SourceQuality "1"]

1. e4 e6 2. d4 d5 3. Nc3 Bb4 4. e5 c5 5. a3 Bxc3+ 6. bxc3 Qc7 7. Qg4 (7. Nf3
Ne7 8. a4 b6 $5 9. Bb5+ Bd7 10. Bd3 Nbc6 11. O-O h6 $13) 7... f6 $5 8. Bb5+ (8.
a4 $2 cxd4 $1 {>< c3}) (8. exf6 $6 Nxf6 9. Qg3 Qxg3 (9... Qf7 10. Nh3 O-O 11.
Bd3 Nc6 12. O-O c4 13. Be2 Ne4 $17 {Johnstone,G-Lindsay,F/Saint John op/1988/
0-1/36/}) 10. hxg3 Nc6 11. Ne2 (11. Nf3 Ne4) 11... e5 $15) (8. Qg3 Qf7 {8...c4}
9. Nf3 Nc6 10. dxc5 $5 Nge7 11. Bd3 Ng6 (11... fxe5 12. Nxe5 Nxe5 13. Qxe5 O-O
14. O-O Nc6 15. Qg3 e5 16. Be3 Bf5 17. Rab1 Bxd3 18. cxd3 Rae8 19. f4 Qc7 20.
fxe5 Rxf1+ 21. Rxf1 Qxe5 22. Qxe5 Nxe5 23. Rd1 Kf7 24. h3 Nc6 25. Bf4 $16 {
Smyslov,V-Botvinnik,M (20)/Wch Moscow/1957/1-0/42/}) 12. exf6 Qxf6 13. O-O O-O
14. Bg5 Qxc3 15. Nh4 Nd4 16. Rae1 Nf5 17. Nxf5 exf5 18. Qd6 Qd4 19. h4 Nxh4 20.
Be7 {1-0; Shilov,I-Doroshkievich,V/Voroshilovgrad/1989/}) (8. Nf3 c4 $5 9. Be2
(9. exf6 Nxf6 10. Qh4 Nc6 $10 {/\ ...Qa5}) (9. h4 Nc6 10. Rh3 h5 11. Qg6+ Qf7
12. Qxf7+ Kxf7 13. Bf4 Nge7 14. Kd2 Bd7 15. Re1 Raf8 16. Be2 Ke8 17. Bd1 Kd8 {
Pliester,L-Martin,A/Edingburgh op/1988/1/2-1/2/40/}) 9... Nc6 10. O-O Qf7 $5 {
/\ ...Nge7} (10... fxe5 11. dxe5 Nxe5 12. Nxe5 Qxe5 13. Bf4 Qf6 14. Qg3 Nh6 15.
Be5 $16) 11. Qh3 (11. Qg3 Nge7 12. exf6 gxf6 13. Nh4 e5 14. Bh6 Rg8 15. Qe3 Nf5
16. Nxf5 Bxf5 17. dxe5 fxe5 18. Bf4 O-O-O 19. Bg3 Bxc2 20. Qc5 Qg6 21. Ra2 b6
22. Qb5 Kb7 23. Rb2 Bb3 {Szalanczy,E-Lehtivaara,R/Balatonbereny op/1988/1-0/32/
}) 11... Nge7 12. a4 Bd7 13. Ba3 O-O-O $1 14. a5 h5 $1 15. Nd2 Nf5 $1 $15 {
/\ ...g5} (15... fxe5 16. dxe5 Qf4 $13 {Matulovic,M-Byrne,R/Sousse izt/1967/
1-0/32/})) 8... Kf8 $5 (8... Nc6 9. Nf3 Qf7 10. O-O Nge7 11. a4 Bd7 12. Ba3 f5
{Diez del Corral,J-Keene,R/Montilla/1974/} 13. Qh4 $1 c4 14. Bxc6 Bxc6 15. Rfb1
$14) 9. Nf3 (9. a4 $5 cxd4 (9... c4 10. Ba3+ $44) (9... fxe5 {! Andrew Martin:
The French Winawer.TUI.1988. page 12.} 10. Ba3 Nf6) 10. Ne2 (10. Ba3+ Kf7 11.
Nf3 Qxc3+ 12. Ke2 Qxc2+ 13. Nd2 Nh6 14. Qh5+ Qg6 15. Qxg6+ Kxg6 16. Rhc1 fxe5
17. Rc7 a6 18. Bd3+ e4 $19 {Tischbierek,R-Ruf,M/Balatonbereny op/1988/0-1/26/})
10... fxe5 11. cxd4 a6 (11... e4 12. Bf4 Qa5+ 13. c3 Nf6 14. Qg3 $13) 12. Qf3+
Nf6 13. dxe5 Qxe5 14. Qa3+ Kg8 (14... Kf7 15. Bf4 Qh5 16. Bd3 $13) 15. Bd3 Qc7
16. c4 $44 {Hjartarson,J-Nikolic,Pr/Tilburg/1988/1/2-1/2/45/ -> CBM 9; Inf.46/
378}) 9... a6 {9...c4} 10. Bd3 cxd4 11. O-O dxc3 (11... fxe5 $2 {Pachmann} 12.
Qg3 Qxc3 $5 13. Nxe5 Qxa1 $2 14. Qf3+ Nf6 15. Bh6 $18) 12. a4 f5 13. Ba3+ Ne7
14. Qh5 Nbc6 15. g4 Qd8 (15... fxg4 16. Ng5 Nxe5 17. Rae1 Nf3+ 18. Nxf3 gxf3
19. Re3 g6 20. Qh6+ $40) 16. gxf5 exf5 17. e6 $1 Qe8 (17... Bxe6 18. Ng5 Bg8
19. Bxf5 $18) 18. Qxf5+ Kg8 19. Qg4 h5 20. Qh3 Ng6 21. Qg3 Nge7 22. Rae1 Rh6
23. Ng5 Nd4 24. Qc7 Ndc6 25. a5 Rf6 26. Qd6 b5 27. axb6 a5 28. Qc7 Rb8 29. Bc5
Rb7 30. Qd6 Nb4 31. Bxb4 axb4 32. Ba6 Nf5 33. Qxd5 Ne7 34. Qe4 Rg6 35. Bxb7
Rxg5+ 36. Kh1 Bxb7 37. Qxb7 {ChessBase/Jacoby} 1-0